Central Library OPAC University of Rajshahi

Towards a theoretical biology : (Record no. 13226)

MARC details
000 -LEADER
fixed length control field 00940cam a22002651 4500
001 - CONTROL NUMBER
control field 13226
003 - CONTROL NUMBER IDENTIFIER
rucl marc code BD-RjUL
005 - DATE AND TIME OF LATEST TRANSACTION
control field 20211208235425.0
008 - FIXED-LENGTH DATA ELEMENTS--GENERAL INFORMATION
fixed length control field 1401301968 ilua b 101 0 eng
035 ## - SYSTEM CONTROL NUMBER
System control number (BD-RjUL)13277
040 ## - CATALOGING SOURCE
Original cataloging agency DLC
Transcribing agency DLC
Modifying agency ICU
-- DLC
-- BD-RjUL
Language of cataloging eng
041 ## - LANGUAGE CODE
Language code of text/sound track or separate title eng
082 00 - DEWEY DECIMAL CLASSIFICATION NUMBER
Classification number 570
Author mark and year TOW 1968
Edition number 23
245 00 - TITLE STATEMENT
Title Towards a theoretical biology :
Remainder of title An IUBS symposium /
Statement of responsibility, etc. edited by C. H. Waddington.
Number of part/section of a work Volume 1 ;Prolegomena.
260 ## - PUBLICATION, DISTRIBUTION, ETC. (IMPRINT)
Place of publication, distribution, etc. Chicago :
Name of publisher, distributor, etc. Aldine Pub. Co.,
Date of publication, distribution, etc. 1968.
300 ## - PHYSICAL DESCRIPTION
Pagination 234 p. :
Illustrations ill. ;
Size 26 cm.
500 ## - GENERAL NOTE
General note Vol. 1 has group ports. on lining papers.
504 ## - BIBLIOGRAPHY, ETC. NOTE
Bibliography, etc Includes bibliographical references and index.
505 1# - FORMATTED CONTENTS NOTE
Formatted contents note v. 1. Prolegomena.--v. 2. Sketches.
650 #0 - SUBJECT ADDED ENTRY--TOPICAL TERM
Topical term or geographic name as entry element Biology
General subdivision Congresses.
9 (RLIN) 41177
700 1# - ADDED ENTRY--PERSONAL NAME
Personal name Waddington, C. H.
Fuller form of name (Conrad Hal),
Dates associated with a name 1905-1975,
Relator term ed.
710 2# - ADDED ENTRY--CORPORATE NAME
Corporate name or jurisdiction name as entry element International Union of Biological Sciences.
9 (RLIN) 41178
942 ## - ADDED ENTRY ELEMENTS (KOHA)
Source of classification or shelving scheme Dewey Decimal Classification
Koha item type Books
Holdings
Lost status Source of classification or shelving scheme Damaged status Not for loan Collection code Permanent Location Current Location Shelving location Date acquired Source of acquisition Cost, normal purchase price Total Checkouts Full call number Date last seen Copy number Koha item type
  Dewey Decimal Classification   Not For Loan Non-fiction Central Library, University of Rajshahi Central Library, University of Rajshahi Reading Room 06/02/1970 Zeitlinger 130.00   570 TOW V-1 1968 30/01/2014 C-1 Books
  Dewey Decimal Classification   Not For Loan Non-fiction Central Library, University of Rajshahi Central Library, University of Rajshahi Reading Room 07/06/1970 Zeit 130.00   570 TOW V-2 1969 21/05/2017 C-1 Books